000 00192 a2200097 4500
001 3287
100 _aDoorly, E
245 _aRaduim woman
260 _a
_bW Heinemann
_c
090 _c2566
_d2566
942 _aNUST-CAE
_cM
_c17402
999 _c238360
_d238360